| 000 | 00557nam a2200181 a 4500 | ||
|---|---|---|---|
| 001 | 1024 | ||
| 003 | CDMR | ||
| 005 | 20131210130441.0 | ||
| 008 | 130130s1966||||||||||||||||||||||||||||d | ||
| 040 |
_aCDMR _bcat _cCDMR |
||
| 245 | 0 | 3 |
_aEl periodismo futuro en la comunicación de masas _cselección e introducción de Wesley C. Clark |
| 260 |
_a[Buenos Aires] _c[1966] _bTroquel |
||
| 300 | _a176 p. | ||
| 650 | 0 | 4 |
_9382 _aPeriodisme |
| 650 | 0 | 4 |
_92757 _aMitjans de comunicació de massa _xAspectes socials |
| 700 | 1 |
_9705 _aClark, Wesley Clarke |
|
| 942 |
_cMON _2udc |
||
| 999 |
_c1024 _d1024 |
||